[Event "Euskadi-chT (Vasca) Div Honor"]
[Site "Bergara"]
[Date "2018.02.03"]
[Round "4.4"]
[White "Prieto Aranguren, Alain"]
[Black "Munoz Perez, Ivan"]
[Result "0-1"]
[WhiteElo "2265"]
[BlackElo "2218"]
[PlyCount "69"]
[EventDate "2018.01.13"]
[EventType "team-tourn"]
[EventRounds "9"]
[EventCountry "ESP"]
[SourceTitle "EXT 2020"]
[Source "ChessBase"]
[SourceDate "2019.10.17"]
[SourceVersion "1"]
[SourceVersionDate "2019.10.17"]
[SourceQuality "1"]
[WhiteTeam "Abadino"]
[BlackTeam "Batalla"]
[WhiteTeamCountry "ESP"]
[BlackTeamCountry "ESP"]

1. d4 Nf6 2. c4 g6 3. Nc3 Bg7 4. e4 d6 5. Be2 0-0 6. Nf3 c6 7. 0-0 Qc7 8. Bg5 h6 9. Bh4 Nh5 10. Qd2 e5 11. Rfd1 g5 12. Bg3 Nf4 13. Bf1 Bg4 14. dxe5 dxe5 15. Qe3 Nd7 16. h3 Bxf3 17. Qxf3 Nc5 18. Qe3 Nce6 19. b4 Nd4 20. Rab1 Rfd8 21. f3 Bf8 22. Ne2 Ndxe2+ 23. Bxe2 Rxd1+ 24. Bxd1 a5 25. a3 axb4 26. axb4 Ra2 27. Bf2 Qd7 28. c5 Rd2 29. Ba4 Qd3 30. Re1 Ne2+ 31. Kh2 Nc3 32. Ra1 Nxa4 33. Rxa4 Qc2 34. Kg3 Re2 35. Bg1 0-1

[Event "Euskadi-chT (Vasca) Div Honor"]
[Site "Bergara"]
[Date "2017.01.21"]
[Round "2.1"]
[White "Prieto Aranguren, Alain"]
[Black "Munoz Perez, Ivan"]
[Result "1-0"]
[WhiteElo "2223"]
[BlackElo "2227"]
[PlyCount "70"]
[EventDate "2017.01.14"]
[EventType "team-tourn"]
[EventRounds "9"]
[EventCountry "ESP"]
[SourceTitle "EXT 2024"]
[Source "ChessBase"]
[SourceDate "2023.10.10"]
[SourceVersion "1"]
[SourceVersionDate "2023.10.10"]
[SourceQuality "1"]

1. d4 Nf6 2. c4 g6 3. Nc3 Bg7 4. e4 d6 5. Be2 0-0 6. Nf3 Nbd7 7. 0-0 e5 8. d5 Nc5 9. Qc2 a5 10. Bg5 h6 11. Be3 Ne8 12. Nd2 f5 13. f3 Nf6 14. a3 fxe4 15. fxe4 Ng4 16. Bxg4 Bxg4 17. b4 axb4 18. axb4 Rxa1 19. Rxa1 Na6 20. Qb3 Kh7 21. c5 Nb8 22. b5 dxc5 23. Bxc5 Re8 24. Ra8 b6 25. Be3 Bf8 26. Nc4 Qf6 27. Ra7 Re7 28. h3 Rf7 29. Qb1 Bxh3 30. gxh3 Bc5 31. Bxc5 Qg5+ 32. Kh1 Qg3 33. Ne3 bxc5 34. Ncd1 Qxh3+ 35. Kg1 Qg3+ 1-0

[Event "Euskadi-chT (Vasca) Div Honor"]
[Site "Bergara"]
[Date "2015.01.31"]
[Round "4.3"]
[White "Munoz Perez, Ivan"]
[Black "Albaina Alvarez, Alvaro Ignacio"]
[Result "1/2-1/2"]
[WhiteElo "2283"]
[BlackElo "2087"]
[PlyCount "72"]
[EventDate "2015.01.10"]
[EventType "team-tourn"]
[EventRounds "9"]
[EventCountry "ESP"]
[SourceTitle "EXT 2024"]
[Source "ChessBase"]
[SourceDate "2023.10.10"]
[SourceVersion "1"]
[SourceVersionDate "2023.10.10"]
[SourceQuality "1"]

1. e4 c5 2. Nc3 e6 3. g3 g6 4. Bg2 Bg7 5. d3 Ne7 6. Be3 d6 7. Nge2 Nbc6 8. d4 cxd4 9. Nxd4 a6 10. a4 0-0 11. 0-0 Qc7 12. Nxc6 Nxc6 13. h3 Bd7 14. Ne2 Rac8 15. c3 Rfd8 16. b3 Be8 17. Kh2 Rd7 18. Rc1 f5 19. exf5 gxf5 20. Nf4 Bf7 21. Nh5 Bxh5 22. Qxh5 Qd8 23. Bg5 Qe8 24. Qxe8+ Rxe8 25. Rfd1 Na5 26. b4 Nc4 27. a5 d5 28. Rc2 Kf7 29. Bf4 Rc8 30. Bf3 Na3 31. Bh5+ Ke7 32. Rcc1 Rxc3 33. Bg5+ Kd6 34. Bf4+ Ke7 35. Bg5+ Kd6 36. Bf4+ Ke7 1/2-1/2

[Event "Euskadi-chT (Vasca) Div Honor"]
[Site "Bergara"]
[Date "2014.01.11"]
[Round "1.5"]
[White "Del Rio de Angelis, Salvador Gabriel"]
[Black "Munoz Perez, Ivan"]
[Result "1/2-1/2"]
[WhiteElo "2498"]
[BlackElo "2296"]
[PlyCount "81"]
[EventDate "2014.01.11"]
[EventType "team-tourn"]
[EventRounds "9"]
[EventCountry "ESP"]
[SourceTitle "EXT 2024"]
[Source "ChessBase"]
[SourceDate "2023.10.10"]
[SourceVersion "1"]
[SourceVersionDate "2023.10.10"]
[SourceQuality "1"]

1. d4 Nf6 2. c4 g6 3. Nc3 Bg7 4. e4 d6 5. Be2 0-0 6. Bg5 h6 7. Be3 c5 8. e5 Nfd7 9. exd6 exd6 10. Nf3 Nc6 11. 0-0 b6 12. Qd2 g5 13. h3 Nf6 14. Rad1 Bf5 15. Bd3 Qd7 16. dxc5 dxc5 17. Bxf5 Qxf5 18. Qd3 Qxd3 19. Rxd3 Rad8 20. Rfd1 Rxd3 21. Rxd3 Rd8 22. Rxd8+ Nxd8 23. Nb5 Nc6 24. Nd6 Nd7 25. b3 Nde5 26. Ne1 Bf8 27. Nf5 Ne7 28. Ng3 N7g6 29. Kf1 f6 30. Ke2 Kf7 31. Nh5 Nc6 32. Nd3 f5 33. f4 Nd4+ 34. Bxd4 cxd4 35. Ne1 gxf4 36. Nd3 Bd6 37. Kf3 Nh4+ 38. Kf2 Ng6 39. Kf3 Nh4+ 40. Kf2 Ng6 41. Kf3 1/2-1/2

[Event "Basque-chT"]
[Site "Bergara"]
[Date "2012.02.04"]
[Round "4"]
[White "Fernandez Hernandez, Gerardo"]
[Black "Munoz Perez, Ivan"]
[Result "1/2-1/2"]
[WhiteElo "2176"]
[BlackElo "2291"]
[PlyCount "29"]
[EventDate "2012.01.14"]
[EventType "team"]
[EventRounds "9"]
[EventCountry "ESP"]
[SourceTitle "EXT 2013"]
[Source "ChessBase"]
[SourceDate "2012.11.22"]
[SourceVersion "1"]
[SourceVersionDate "2012.11.22"]
[SourceQuality "1"]
[WhiteTeam "Zuri Baltza"]
[BlackTeam "Batalla"]
[WhiteTeamCountry "ESP"]
[BlackTeamCountry "ESP"]

1. e4 e5 2. Bc4 d6 3. Nc3 c6 4. d3 Nf6 5. f4 exf4 6. Bxf4 Be6 7. Bxe6 fxe6 8. e5 Nd5 9. Nxd5 exd5 10. Qe2 dxe5 11. Bxe5 Qe7 12. 0-0-0 Nd7 13. Bc3 0-0-0 14. Re1 Qf7 15. Nf3 1/2-1/2

[Event "Vasco-chT"]
[Site "Pais Vasco"]
[Date "2009.01.10"]
[Round "1.4"]
[White "Munoz Perez, Ivan"]
[Black "Alonso Arburu, Jose Maria"]
[Result "1-0"]
[WhiteElo "2274"]
[BlackElo "2126"]
[PlyCount "43"]
[EventDate "2009.01.10"]
[EventType "team-tourn"]
[EventRounds "9"]
[EventCountry "ESP"]
[SourceTitle "EXT 2010"]
[Source "ChessBase"]
[SourceDate "2010.11.25"]
[SourceVersion "1"]
[SourceVersionDate "2010.11.25"]
[SourceQuality "1"]

1. e4 c5 2. Nc3 e6 3. g3 Nc6 4. Bg2 Nf6 5. d3 Be7 6. Nge2 0-0 7. 0-0 d6 8. d4 cxd4 9. Nxd4 Nxd4 10. Qxd4 Bd7 11. a4 Bc6 12. Rd1 Qc7 13. Qd3 a6 14. a5 d5 15. exd5 Nxd5 16. Nxd5 Bxd5 17. Bxd5 exd5 18. Bf4 Qc6 19. Qxd5 Qxc2 20. Qxb7 Bf6 21. Rd2 Qc5 22. Bd6 1-0

[Event "FRA-chT2 0405"]
[Site "France"]
[Date "2005.03.12"]
[Round "8.3"]
[White "Munoz Perez, Ivan"]
[Black "Comte, Frederic"]
[Result "1/2-1/2"]
[WhiteElo "2288"]
[BlackElo "2159"]
[PlyCount "63"]
[EventDate "2004.10.10"]
[EventType "team"]
[EventRounds "11"]
[EventCountry "FRA"]
[SourceTitle "EXT 2006"]
[Source "ChessBase"]
[SourceDate "2005.11.24"]
[SourceVersion "1"]
[SourceVersionDate "2005.11.24"]
[SourceQuality "1"]
[WhiteTeam "Bayonne"]
[BlackTeam "Hyeres"]
[WhiteTeamCountry "FRA"]
[BlackTeamCountry "FRA"]

1. e4 c5 2. Nc3 Nc6 3. g3 g6 4. Bg2 Bg7 5. d3 d6 6. Be3 Rb8 7. Nge2 e6 8. d4 b6 9. a4 Nge7 10. 0-0 0-0 11. Rb1 e5 12. dxe5 dxe5 13. Nd5 Ba6 14. c3 Nxd5 15. exd5 Ne7 16. Qc2 Nxd5 17. Bxc5 Bxe2 18. Bxf8 Bxf1 19. Rxf1 Bxf8 20. Rd1 Qf6 21. Bxd5 a5 22. Rd3 e4 23. Bxe4 Rd8 24. Bd5 Rd7 25. Qb3 Qf5 26. c4 Bc5 27. Rf3 Qe5 28. Qc3 Qxc3 29. bxc3 Re7 30. Kg2 Kg7 31. Rf4 f6 32. Re4 1/2-1/2

[Event "Andbanc Quad 1st"]
[Site "Andorra"]
[Date "2004.05.30"]
[Round "3"]
[White "Granados Gomez, Manuel"]
[Black "Munoz Perez, Ivan"]
[Result "0-1"]
[WhiteElo "2396"]
[BlackElo "2251"]
[PlyCount "84"]
[EventDate "2004.05.29"]
[EventType "team"]
[EventRounds "3"]
[EventCountry "AND"]
[SourceTitle "CBM 100 Extra"]
[Source "ChessBase"]
[SourceDate "2004.07.06"]
[SourceVersion "2"]
[SourceVersionDate "2004.07.06"]
[SourceQuality "1"]

1. c4 Nf6 2. Nc3 g6 3. e4 d6 4. d4 Bg7 5. Nge2 0-0 6. Ng3 c5 7. d5 e6 8. Be2 exd5 9. cxd5 Nbd7 10. 0-0 Re8 11. f4 a6 12. a4 b6 13. Bf3 Rb8 14. Kh1 b5 15. axb5 axb5 16. e5 dxe5 17. f5 Qb6 18. Be3 e4 19. Be2 b4 20. Nb5 Ba6 21. Rxa6 Qxa6 22. Nc7 Qd6 23. Nxe8 Rxe8 24. Bc4 Nb6 25. Bb5 Rc8 26. fxg6 hxg6 27. Bg5 Qxd5 28. Bxf6 Qxd1 29. Rxd1 Bxf6 30. Rd6 Bd8 31. Nxe4 c4 32. g3 Kf8 33. Rd2 Be7 34. Rc2 f5 35. Nf2 Bf6 36. h4 b3 37. Re2 Rc5 38. Ba6 Ra5 39. Re6 Bd4 40. Nh3 Rxa6 41. Rxg6 Bxb2 42. h5 Be5 0-1

[Event "Euskadi-chTA"]
[Site "Euskadi"]
[Date "2001.02.10"]
[Round "9"]
[White "Hornas Flores, Francisco"]
[Black "Munoz Perez, Ivan"]
[Result "0-1"]
[WhiteElo "1860"]
[BlackElo "2208"]
[PlyCount "60"]
[EventDate "2000.11.18"]
[EventType "team"]
[EventRounds "9"]
[EventCountry "ESP"]
[SourceTitle "EXT 2006"]
[Source "ChessBase"]
[SourceDate "2005.11.24"]
[SourceVersion "1"]
[SourceVersionDate "2005.11.24"]
[SourceQuality "1"]

1. e4 e5 2. Nf3 d6 3. d3 Nf6 4. Nc3 c6 5. Bg5 h6 6. Bh4 g6 7. Bxf6 Qxf6 8. Be2 Bg7 9. Nd2 h5 10. Bf3 Nd7 11. b4 0-0 12. 0-0 Bh6 13. g3 Rd8 14. Bg2 Nf8 15. Nf3 Ne6 16. a3 Qg7 17. Qe1 Rf8 18. Ne2 f5 19. exf5 gxf5 20. Kh1 Bd7 21. Neg1 Rae8 22. Qd1 Qf6 23. Nh3 Ng7 24. Nfg1 f4 25. Nf3 d5 26. Re1 fxg3 27. Nxe5 gxf2 28. Rf1 Bxh3 29. Qf3 Bxg2+ 30. Qxg2 Rxe5 0-1

[Event "Euskadi-chTA"]
[Site "Euskadi"]
[Date "2000.11.25"]
[Round "2"]
[White "Munoz Perez, Ivan"]
[Black "Llompart Gutierrez, Andres"]
[Result "1-0"]
[WhiteElo "2151"]
[BlackElo "2100"]
[PlyCount "45"]
[EventDate "2000.11.18"]
[EventType "team"]
[EventRounds "9"]
[EventCountry "ESP"]
[SourceTitle "EXT 2006"]
[Source "ChessBase"]
[SourceDate "2005.11.24"]
[SourceVersion "1"]
[SourceVersionDate "2005.11.24"]
[SourceQuality "1"]

1. e4 e5 2. Nf3 Nf6 3. Nc3 Nc6 4. d4 exd4 5. Nxd4 d5 6. Bb5 Bd7 7. exd5 Nxd4 8. Qxd4 Bxb5 9. Nxb5 Qd7 10. Qe5+ Kd8 11. Nc3 Bc5 12. 0-0 Ng4 13. Qxg7 Qf5 14. Qg5+ Qxg5 15. Bxg5+ f6 16. Bh4 Kd7 17. h3 Nh6 18. Bxf6 Rhg8 19. Ne4 Bb6 20. Bg5 Rg6 21. Nf6+ Kd6 22. Rae1 Nf5 23. b4 1-0

[Event "ESP-chT"]
[Site "Barcelona"]
[Date "2000.08.13"]
[Round "9"]
[White "Munoz Perez, Ivan"]
[Black "Ferron Garcia, Carlos"]
[Result "0-1"]
[WhiteElo "2208"]
[BlackElo "2283"]
[PlyCount "124"]
[EventDate "2000.08.05"]
[EventType "team"]
[EventRounds "9"]
[EventCountry "ESP"]
[SourceTitle "CBM 077 Extra"]
[Source "ChessBase"]
[SourceDate "2000.09.14"]
[SourceVersion "1"]
[SourceVersionDate "2000.09.14"]
[SourceQuality "1"]

1. e4 e5 2. Nf3 Nc6 3. Bc4 Nf6 4. d3 h6 5. c3 d6 6. Bb3 g6 7. 0-0 Bg7 8. Nbd2 0-0 9. Re1 Nh5 10. Nf1 Qf6 11. Ne3 Ne7 12. h3 Nf4 13. Ng4 Bxg4 14. hxg4 g5 15. g3 Ne6 16. Nh2 c6 17. Nf1 Rfd8 18. Qe2 a5 19. Ne3 b5 20. Nf5 Bf8 21. Kg2 a4 22. Bc2 c5 23. Rh1 b4 24. Qf3 Kh7 25. Bd2 a3 26. cxb4 Nxf5 27. Qxf5+ Qxf5 28. gxf5 Nd4 29. Bb3 Nxb3 30. axb3 cxb4 31. Bxb4 axb2 32. Rxa8 Rxa8 33. Bc3 Ra3 34. Bxb2 Rxb3 35. Bc1 Be7 36. Rd1 Rb1 37. Kf3 Bd8 38. Ke2 Bb6 39. g4 Bc5 40. f3 Ra1 41. Bd2 Ra2 42. Rb1 Kg7 43. Ke1 Kf6 44. Bb4 Bf2+ 45. Kf1 Ke7 46. Bc3 Bc5 47. Rb7+ Kf6 48. Ke1 Rf2 49. d4 Rxf3 50. dxc5 Rxc3 51. cxd6 Re3+ 52. Kf2 Rxe4 53. Kf3 Rf4+ 54. Kg3 Rd4 55. d7 Rd3+ 56. Kf2 e4 57. Ke2 Ke5 58. d8Q Rxd8 59. Rxf7 Kf4 60. f6 Kxg4 61. Re7 Rf8 62. f7 Kf5 0-1

[Event "Euskadi-ch 13th"]
[Site "Euskadi"]
[Date "1999.??.??"]
[Round "1"]
[White "Salinero de Prado, Juan Manuel"]
[Black "Munoz Perez, Ivan"]
[Result "0-1"]
[WhiteElo "2160"]
[BlackElo "2275"]
[PlyCount "120"]
[EventDate "1999.??.??"]
[EventType "swiss"]
[EventRounds "7"]
[EventCountry "ESP"]
[SourceTitle "EXT 2000"]
[Source "ChessBase"]
[SourceDate "1999.11.16"]
[SourceVersion "1"]
[SourceVersionDate "1999.11.16"]
[SourceQuality "1"]

1. Nf3 Nf6 2. g3 g6 3. Bg2 Bg7 4. 0-0 0-0 5. c4 d6 6. Nc3 c6 7. d4 Qa5 8. Qd2 Qh5 9. d5 Bh3 10. Qg5 Qxg5 11. Bxg5 Bxg2 12. Kxg2 Nbd7 13. Rac1 Nb6 14. dxc6 bxc6 15. b3 c5 16. e4 h6 17. Bxf6 Bxf6 18. Nd5 Nxd5 19. cxd5 a5 20. Rc4 Rfb8 21. Rfc1 a4 22. bxa4 Rb2 23. R4c2 Rxa4 24. Rxb2 Bxb2 25. Rc2 Bg7 26. Nd2 Kf8 27. Nc4 Bd4 28. f4 f6 29. Kf3 Ke8 30. Ke2 Kd8 31. h4 Kc7 32. Kd3 Rb4 33. f5 Rb1 34. Ke2 gxf5 35. exf5 Rg1 36. Kf3 h5 37. a4 Ra1 38. a5 Kb7 39. Kg2 Ka6 40. Kh2 Kb5 41. g4 hxg4 42. h5 Rf1 43. Kg3 Rxf5 44. h6 Rxd5 45. Kxg4 Rg5+ 46. Kh4 Rg8 47. Kh5 d5 48. Nb6 Kxa5 49. Nxd5 e6 50. Nc7 Rg5+ 51. Kh4 Re5 52. Kg4 Re4+ 53. Kh5 f5 54. h7 Kb6 55. Ne8 Re1 56. Kg6 Rh1 57. Rg2 f4 58. Rg4 f3 59. Rf4 f2 60. Nf6 f1Q 0-1

[Event "San Sebastian op"]
[Site "San Sebastian"]
[Date "1996.??.??"]
[Round "?"]
[White "Razuvaev, Yuri S"]
[Black "Munoz Perez, Ivan"]
[Result "1-0"]
[WhiteElo "2580"]
[BlackElo "2045"]
[PlyCount "107"]
[EventDate "1996.??.??"]
[EventType "swiss"]
[EventRounds "9"]
[EventCountry "ESP"]
[SourceTitle "EXT 2001"]
[Source "ChessBase"]
[SourceDate "2000.11.22"]
[SourceVersion "1"]
[SourceVersionDate "2000.11.22"]
[SourceQuality "1"]

1. d4 Nf6 2. c4 g6 3. Nc3 Bg7 4. e4 d6 5. f3 0-0 6. Be3 e5 7. d5 c6 8. Bd3 cxd5 9. cxd5 Nbd7 10. Nge2 Ne8 11. 0-0 f5 12. exf5 gxf5 13. f4 e4 14. Bc2 Ndf6 15. h3 Kh8 16. a4 Nc7 17. b4 Na6 18. Rb1 Qe7 19. Nb5 Nc7 20. Nxc7 Qxc7 21. Bb3 Qe7 22. Nd4 Bd7 23. Qd2 Rac8 24. Rbc1 Rfd8 25. Rxc8 Rxc8 26. Rc1 Qe8 27. Ne6 a6 28. Nxg7 Kxg7 29. Bd4 Kf7 30. a5 Rxc1+ 31. Qxc1 Qc8 32. Qe3 Bb5 33. Bb2 Bd7 34. Qb6 Ne8 35. Qd4 Qd8 36. Qf2 Ng7 37. Bd1 Kf8 38. g4 Qe7 39. Qd4 Bc8 40. g5 Bd7 41. Kf2 Be8 42. Ke3 Bg6 43. h4 Be8 44. h5 Qf7 45. g6 hxg6 46. h6 Nh5 47. Bxh5 gxh5 48. Qh8+ Ke7 49. h7 Qxd5 50. Qd4 Qb3+ 51. Bc3 Qd1 52. Qg7+ Ke6 53. h8Q Qd3+ 54. Kf2 1-0

[Event "ESP-ch U18"]
[Site "Los Barrios"]
[Date "1995.??.??"]
[Round "6"]
[White "Elizburu, Gerard"]
[Black "Munoz Perez, Ivan"]
[Result "1-0"]
[WhiteElo "1945"]
[BlackElo "2075"]
[PlyCount "80"]
[EventDate "1995.??.??"]
[EventType "swiss"]
[EventRounds "8"]
[EventCountry "ESP"]
[SourceTitle "EXT 1998"]
[Source "ChessBase"]
[SourceDate "1997.11.17"]
[SourceVersion "1"]
[SourceVersionDate "1997.11.17"]
[SourceQuality "1"]

1. d4 Nf6 2. c4 g6 3. Nc3 Bg7 4. e4 d6 5. f3 0-0 6. Be3 e5 7. Nge2 c6 8. d5 cxd5 9. cxd5 Nbd7 10. Qd2 a6 11. Nc1 Ne8 12. Nd3 f5 13. 0-0-0 f4 14. Bf2 b5 15. Kb1 Nb6 16. b3 Bd7 17. Rc1 Qb8 18. Nd1 a5 19. N1b2 Bf6 20. Be2 a4 21. Rc3 a3 22. Nd1 Ng7 23. Nb4 Rc8 24. Bd3 Qb7 25. Qe2 Nc4 26. Rc2 Bd8 27. Ka1 Na5 28. Nc3 Rab8 29. Rhc1 Kf8 30. g3 Bb6 31. gxf4 exf4 32. Qd2 Bxf2 33. Qxf2 Kg8 34. Qh4 Qb6 35. Qf2 Qxf2 36. Rxf2 Nb7 37. Rfc2 Nc5 38. Bf1 Nh5 39. Ne2 Kf7 40. Nd4 Rd8 1-0

[Event "ESP-ch U18"]
[Site "Los Barrios"]
[Date "1995.??.??"]
[Round "2"]
[White "Garcia, Jose"]
[Black "Munoz Perez, Ivan"]
[Result "1-0"]
[WhiteElo "1945"]
[BlackElo "2075"]
[PlyCount "141"]
[EventDate "1995.??.??"]
[EventType "swiss"]
[EventRounds "8"]
[EventCountry "ESP"]
[SourceTitle "EXT 1998"]
[Source "ChessBase"]
[SourceDate "1997.11.17"]
[SourceVersion "1"]
[SourceVersionDate "1997.11.17"]
[SourceQuality "1"]

1. e4 e5 2. Nf3 d6 3. Bc4 g6 4. Nc3 c6 5. 0-0 Bg7 6. d4 Qe7 7. Re1 Nf6 8. h3 0-0 9. Be3 Nbd7 10. Qd2 b5 11. Bd3 Bb7 12. Bh6 Rfe8 13. Ne2 Qf8 14. Bxg7 Qxg7 15. Ng3 a6 16. c3 Nb6 17. b3 c5 18. Rad1 Rad8 19. Bb1 exd4 20. cxd4 c4 21. Re3 Nfd7 22. Rde1 f6 23. h4 Nf8 24. Qa5 Qc7 25. h5 cxb3 26. axb3 Nd5 27. Qxc7 Nxc7 28. b4 Nce6 29. Ba2 Kg7 30. d5 Nc7 31. Rc1 Rc8 32. Rec3 Na8 33. Nd4 Rxc3 34. Rxc3 Rc8 35. Rxc8 Bxc8 36. Nge2 Nc7 37. f3 Nd7 38. hxg6 hxg6 39. f4 Nb6 40. Nc3 Bb7 41. Kf2 f5 42. exf5 Nbxd5 43. Bxd5 Bxd5 44. fxg6 Kxg6 45. g4 Bc4 46. Kf3 Ne8 47. f5+ Kf7 48. g5 Ng7 49. Ne4 Ne8 50. Kf4 Bd5 51. Ng3 Ng7 52. g6+ Kf6 53. Ne4+ Bxe4 54. Kxe4 Ke7 55. Kd5 Ne8 56. Kc6 Nf6 57. Ne6 Ng4 58. Kb6 Ne3 59. Nd4 Nd5+ 60. Ka5 Kf6 61. Nc6 Ne3 62. Nd4 Nd5 63. Ne6 Ne7 64. g7 Kxf5 65. Nc7 Kf6 66. Nd5+ Kxg7 67. Nxe7 Kf6 68. Nc6 Ke6 69. Kxa6 d5 70. Kxb5 Kd6 71. Kb6 1-0

[Event "ESP-ch U18"]
[Site "Los Barrios"]
[Date "1995.??.??"]
[Round "3"]
[White "Munoz Perez, Ivan"]
[Black "Carrasco Martinez, Juan Manuel"]
[Result "0-1"]
[WhiteElo "2075"]
[BlackElo "2300"]
[PlyCount "106"]
[EventDate "1995.??.??"]
[EventType "swiss"]
[EventRounds "8"]
[EventCountry "ESP"]
[SourceTitle "EXT 1998"]
[Source "ChessBase"]
[SourceDate "1997.11.17"]
[SourceVersion "1"]
[SourceVersionDate "1997.11.17"]
[SourceQuality "1"]

1. e4 e6 2. d4 d5 3. Nd2 Nf6 4. e5 Nfd7 5. f4 c5 6. c3 Nc6 7. Ndf3 cxd4 8. cxd4 Nb6 9. g3 a5 10. Ne2 a4 11. Nc3 Bd7 12. Bd3 Nb4 13. Be2 Nc4 14. 0-0 b5 15. a3 Na6 16. f5 Qb6 17. fxe6 fxe6 18. Kh1 Be7 19. Ne1 Nb8 20. Nc2 Nc6 21. Rb1 N6a5 22. Na1 Rc8 23. Qd3 g6 24. Bh6 Nc6 25. Nc2 Kd8 26. Nd1 Be8 27. Nde3 g5 28. Nxc4 bxc4 29. Qd2 Rg8 30. Rbd1 Rb8 31. Bg4 Qxb2 32. Bxe6 Rg6 33. Bxd5 c3 34. Qg2 Rxh6 35. e6 Rb6 36. Bc4 Bd6 37. Rf2 Bxa3 38. Qd5+ Kc7 39. Qxg5 Rg6 40. Qf5 Ne7 41. Qf8 Bc6+ 42. Kg1 Rb8 43. Qf7 Bd6 44. Ne3 Qb4 45. Nf5 Rbg8 46. Ba2 Be4 47. Nxd6 Qxd6 48. Rf4 c2 49. Re1 Qxd4+ 50. Rf2 Qd6 51. Rf4 Rxg3+ 52. hxg3 Rxg3+ 53. Kh2 Rg2+ 0-1